| 000 | 00000nam##2200000za#4500 |
| 001 | 9.616404 |
| 003 | CaOODSP |
| 005 | 20211126112847 |
| 007 | ta |
| 008 | 150406|2003||||xxc||||| f|0| 0 eng|d |
| 022 | |a1192-5434 |
| 040 | |aCaOODSP|beng |
| 043 | |an-cn--- |
| 086 | 1 |aFB3-2/103-10E |
| 110 | 2 |aBank of Canada. |
| 245 | 12|aA stochastic simulation framework for the government of Canada's debt strategy / |cby David Jamieson Bolder. |
| 260 | |bBank of Canada |c2003. |
| 300 | |aviii, 96p. : |bfigs., graphs, tables ; |c28 cm. |
| 490 | 1 |aWorking paper|x1192-5434|v2003-10 |
| 500 | |a"Dept strategy is defined as the manner in which a government finances an excess of government expenditures over revenues and any maturing debt issued in previous periods. The author gives a thorough qualitative description of the complexities of debt strategy analysis and the demonstrates that it is, in fact, a problem in stochastic optimal control."--Abstract. |
| 504 | |aBibliography. |
| 520 | 3 |aThis working paper is part of a series that examines a range of economic and financial issues of interest to bankers, economists and policymakers. |
| 546 | |a(Résumés en français.) |
| 563 | |aSoftcover |
| 590 | |a03-22|b2003-05-30 |
| 720 | 1 |aBolder, David |
| 776 | 0#|tA stochastic simulation framework for the government of Canada's debt strategy / |w(CaOODSP)9.580561 |
| 830 | #0|aWorking paper,|x1192-5434|v2003-10|w(CaOODSP)9.514622 |